| 000 | 00761nam a22002297a 4500 | ||
|---|---|---|---|
| 999 |
_c5854 _d5854 |
||
| 003 | AR-CdUCM | ||
| 008 | 190313b ||||| |||| 00| 0 spa d | ||
| 040 |
_aMUNICIPALIDAD PROVINCIAL DEL CUSCO _cBIBLIOTECA MUNICIPAL DEL CUSCO |
||
| 082 |
_a859.56 / _bR78 |
||
| 100 |
_aRivera Follegatti de Ruiz, Sylvia _917307 |
||
| 245 | _aRosas rojas y puños de fuego / | ||
| 260 |
_aHuánuco : _bEds. Mushug Yawar, _c1977. |
||
| 300 |
_a59 paginas ; _c20 cm. |
||
| 500 | _aDonación familia Nieto | ||
| 505 | _aContenido :Poemas de Sylvia Rivera de Ruiz --Poemas de Ramón Alfaro Leyva / | ||
| 650 |
_aLiteratura peruana _9169 |
||
| 650 |
_aPoesías _92272 |
||
| 650 |
_aSiglo XX _98 |
||
| 700 |
_aRamón Alfaro Leiva _917308 |
||
| 942 |
_2ddc _cLIBROS |
||
| 945 | _arjall | ||